Financial services in India : (Record no. 48577)

MARC details
000 -LEADER
fixed length control field 01463cam a22002778a 4500
005 - DATE AND TIME OF LATEST TRANSACTION
control field 20100820095223.0
008 - FIXED-LENGTH DATA ELEMENTS--GENERAL INFORMATION
fixed length control field 100819s2010 ii b 001 0 eng
010 ## - LCCN (DPL NO)
LC control number ENG-101760
020 ## - INTERNATIONAL STANDARD BOOK NUMBER
International Standard Book Number 9788132105077
Terms of availability 450.
035 ## - SYSTEM CONTROL NUMBER
System control number EN-85293
037 ## - SOURCE OF ACQUISITION
Source of stock number/acquisition DBAD/PUB
040 ## - CATALOGING SOURCE
Original cataloging agency dpl
Language of cataloging Eng
082 00 - DEWEY DECIMAL CLASSIFICATION NUMBER
Classification number 332.10954
100 1# - MAIN ENTRY--PERSONAL NAME
Personal name Kothari, Rajesh.
9 (RLIN) 24479
245 10 - TITLE STATEMENT
Title Financial services in India :
Remainder of title concept and application /
Statement of responsibility, etc by Rajesh Kothari
260 ## - PUBLICATION, DISTRIBUTION, ETC. (IMPRINT)
Place of publication, distribution, etc New Delhi
Name of publisher, distributor, etc SAGE Publications
Date of publication, distribution, etc 2010
270 ## - ADDRESS
Address B1/I-1 Mohan Cooperative Industrial Area, Mathura Road
City New Delhi
Postal code 110044
300 ## - PHYSICAL DESCRIPTION
Extent xv,331p.
Dimensions 24cm (pbk)
500 ## - GENERAL NOTE
General note Includes bibliographical references and index.
505 0# - FORMATTED CONTENTS NOTE
Formatted contents note Introduction -- Regulatory framework of financial services in India -- Risk and return in financial services -- Banking services in India -- Insurance services in India -- Capital market services -- Mutual fund -- Leasing and hire-purchase -- Securitization -- Credit rating -- Venture capital -- Factoring services -- Plastic money -- Mergers and acquisitions -- Miscellaneous.
650 #0 - SUBJECT ADDED ENTRY--TOPICAL TERM
Topical term or geographic name as entry element Financial services industry
Geographic subdivision India.
9 (RLIN) 24480
650 #0 - SUBJECT ADDED ENTRY--TOPICAL TERM
Topical term or geographic name as entry element Banks and banking
Geographic subdivision India.
9 (RLIN) 24481
942 ## - ADDED ENTRY ELEMENTS (KOHA)
Source of classification or shelving scheme Dewey Decimal Classification
Item type English Books
Classification part 332.10954
Call number suffix KOT
Holdings
Withdrawn status Lost status Source of classification or shelving scheme Damaged status Not for loan Collection code Home library Current library Date acquired Source of acquisition Cost, normal purchase price Total Checkouts Full call number Barcode Date last seen Copy number Cost, replacement price Koha item type
    Dewey Decimal Classification   Not For Loan Non-fiction D.B.Act.Division D.B.Act.Division 27/11/2010 DBAD/PUB 450.00   332.10954 KOT EN-85293 27/11/2010 1 450.00 English Books

© Delhi Public Library
Hit Counter
free hit counter